Administración financiera aplicada a Restaurantes (Registro nro. 162131)
[ vista simple ]
| 000 -LEADER | |
|---|---|
| fixed length control field | 00842nam a22002657a 4500 |
| 007 - PHYSICAL DESCRIPTION FIXED FIELD--GENERAL INFORMATION | |
| fixed length control field | cr|||| |||| |
| 008 - FIXED-LENGTH DATA ELEMENTS--GENERAL INFORMATION | |
| fixed length control field | 130225e2007 mx |||||s|||| 00||0 spa d |
| 020 ## - INTERNATIONAL STANDARD BOOK NUMBER | |
| International Standard Book Number | 978-970-665-292-8 |
| 035 ## - | |
| -- | 7060 |
| 040 ## - CATALOGING SOURCE | |
| Original cataloging agency | VLex |
| 090 ## - | |
| -- | 3749 |
| -- | 3749 |
| 100 10 - MAIN ENTRY--PERSONAL NAME | |
| Personal name | Ayala Brito, Gamaliel |
| 245 10 - TITLE STATEMENT | |
| Title | Administración financiera aplicada a Restaurantes |
| Medium | [Recurso electrónico] |
| 256 ## - | |
| -- | Servicio en línea |
| 260 ## - PUBLICATION, DISTRIBUTION, ETC. (IMPRINT) | |
| Place of publication, distribution, etc | México D.F. : |
| Name of publisher, distributor, etc | Instituto Mexicano de Contadores Públicos, |
| Date of publication, distribution, etc | 2007 |
| 300 ## - PHYSICAL DESCRIPTION | |
| Extent | 1 Recurso electrónico |
| 650 04 - SUBJECT ADDED ENTRY--TOPICAL TERM | |
| Topical term or geographic name as entry element | Administración (Management) |
| 650 04 - SUBJECT ADDED ENTRY--TOPICAL TERM | |
| Topical term or geographic name as entry element | Empresa |
| 650 04 - SUBJECT ADDED ENTRY--TOPICAL TERM | |
| Topical term or geographic name as entry element | Contabilidad |
| Geographic subdivision | México |
| 700 10 - ADDED ENTRY--PERSONAL NAME | |
| Personal name | Becerril Sánchez, Betel |
| 740 ## - | |
| -- | vLex Libros (Servicio en línea) |
| 856 ## - LOCALIZACIÓN Y ACCESO ELECTRÓNICO | |
| Host name | Acceso restringido |
| Identificador Uniforme del Recurso (URI/URL) | http://www.vlex.com/source/7060 |
| 942 ## - | |
| -- | RAA |
| 999 ## - | |
| -- | 162131 |
| -- | 162131 |
No hay ítems disponibles.